<?xml version="1.0" encoding="UTF-8"?>
<record
    xmlns:xsi="http://www.w3.org/2001/XMLSchema-instance"
    xsi:schemaLocation="http://www.loc.gov/MARC21/slim http://www.loc.gov/standards/marcxml/schema/MARC21slim.xsd"
    xmlns="http://www.loc.gov/MARC21/slim">

  <leader>01106nam a2200241Ia 4500</leader>
  <controlfield tag="005">20250622124037.0</controlfield>
  <controlfield tag="008">250617s9999||||xx |||||||||||||| ||ara||</controlfield>
  <datafield tag="017" ind1=" " ind2=" ">
    <subfield code="a">13590</subfield>
    <subfield code="b">&#x645;&#x635;&#x631;. &#x62F;&#x627;&#x631; &#x627;&#x644;&#x643;&#x62A;&#x628;</subfield>
  </datafield>
  <datafield tag="020" ind1=" " ind2=" ">
    <subfield code="a">9789778812312</subfield>
  </datafield>
  <datafield tag="082" ind1="0" ind2="4">
    <subfield code="a">"305,553"</subfield>
    <subfield code="b">&#x633; &#x637;</subfield>
  </datafield>
  <datafield tag="100" ind1="0" ind2=" ">
    <subfield code="a">&#x633;&#x645;&#x627;&#x62D; &#x623;&#x646;&#x648;&#x631; &#x645;&#x639;&#x648;&#x636; &#x645;&#x62D;&#x645;&#x648;&#x62F;</subfield>
  </datafield>
  <datafield tag="245" ind1="1" ind2="0">
    <subfield code="a">&#x637;&#x648;&#x627;&#x626;&#x641; &#x627;&#x644;&#x62D;&#x631;&#x641; &#x648;&#x627;&#x644;&#x645;&#x647;&#x646; &#x648;&#x62A;&#x623;&#x62B;&#x64A;&#x631;&#x647;&#x627; &#x641;&#x649; &#x627;&#x644;&#x62F;&#x648;&#x64A;&#x644;&#x627;&#x62A; &#x627;&#x644;&#x645;&#x633;&#x62A;&#x642;&#x644;&#x629; &#x628;&#x627;&#x644;&#x645;&#x634;&#x631;&#x642; &#x627;&#x644;&#x625;&#x633;&#x644;&#x627;&#x645;&#x649; ( 205 - 590&#x647;&#x640; / 820 - 1193&#x645; ) /</subfield>
    <subfield code="c">"&#x625;&#x639;&#x62F;&#x627;&#x62F; &#x633;&#x645;&#x627;&#x62D; &#x623;&#x646;&#x648;&#x631; &#x645;&#x639;&#x648;&#x636; &#x645;&#x62D;&#x645;&#x648;&#x62F; &#x61B; &#x625;&#x634;&#x631;&#x627;&#x641; &#x639;&#x628;&#x62F; &#x627;&#x644;&#x646;&#x627;&#x635;&#x631; &#x625;&#x628;&#x631;&#x627;&#x647;&#x64A;&#x645; &#x639;&#x628;&#x62F; &#x627;&#x644;&#x62D;&#x643;&#x645; &#x60C; &#x623;&#x62D;&#x645;&#x62F; &#x639;&#x632; &#x627;&#x644;&#x639;&#x631;&#x628; &#x623;&#x62D;&#x645;&#x62F; &#x633;&#x644;&#x64A;&#x645;&#x627;&#x646;"</subfield>
  </datafield>
  <datafield tag="250" ind1=" " ind2=" ">
    <subfield code="a">&#x637;1</subfield>
  </datafield>
  <datafield tag="260" ind1="3" ind2=" ">
    <subfield code="a">&#x627;&#x644;&#x642;&#x627;&#x647;&#x631;&#x629; :</subfield>
    <subfield code="b">"&#x62F;&#x627;&#x631; &#x627;&#x644;&#x639;&#x644;&#x627; &#x644;&#x644;&#x646;&#x634;&#x631; &#x648;&#x627;&#x644;&#x62A;&#x648;&#x632;&#x64A;&#x639;,"</subfield>
    <subfield code="c">2025.</subfield>
  </datafield>
  <datafield tag="300" ind1=" " ind2=" ">
    <subfield code="a">357&#x635; &#x61B;</subfield>
    <subfield code="b"></subfield>
    <subfield code="c">24&#x633;&#x645;.</subfield>
  </datafield>
  <datafield tag="650" ind1=" " ind2=" ">
    <subfield code="a">&#x627;&#x644;&#x62D;&#x631;&#x628;</subfield>
  </datafield>
  <datafield tag="650" ind1=" " ind2=" ">
    <subfield code="a">&#x627;&#x644;&#x62D;&#x631;&#x641;&#x64A;&#x648;&#x646;</subfield>
  </datafield>
  <datafield tag="650" ind1=" " ind2=" ">
    <subfield code="a">&#x627;&#x644;&#x645;&#x647;&#x646;</subfield>
  </datafield>
  <datafield tag="700" ind1="0" ind2=" ">
    <subfield code="a">&#x623;&#x62D;&#x645;&#x62F; &#x639;&#x632; &#x627;&#x644;&#x639;&#x631;&#x628; &#x623;&#x62D;&#x645;&#x62F; &#x633;&#x644;&#x64A;&#x645;&#x627;&#x646; </subfield>
    <subfield code="e"> &#x645;&#x634;&#x631;&#x641; &#x645;&#x634;&#x627;&#x631;&#x643;</subfield>
  </datafield>
  <datafield tag="700" ind1="0" ind2=" ">
    <subfield code="a">&#x639;&#x628;&#x62F; &#x627;&#x644;&#x646;&#x627;&#x635;&#x631; &#x625;&#x628;&#x631;&#x627;&#x647;&#x64A;&#x645; &#x639;&#x628;&#x62F; &#x627;&#x644;&#x62D;&#x643;&#x645; </subfield>
    <subfield code="e"> &#x645;&#x634;&#x631;&#x641;</subfield>
  </datafield>
  <datafield tag="942" ind1=" " ind2=" ">
    <subfield code="c">BK</subfield>
  </datafield>
  <datafield tag="999" ind1=" " ind2=" ">
    <subfield code="c">67681</subfield>
    <subfield code="d">67681</subfield>
  </datafield>
  <datafield tag="952" ind1=" " ind2=" ">
    <subfield code="0">0</subfield>
    <subfield code="1">0</subfield>
    <subfield code="4">0</subfield>
    <subfield code="7">0</subfield>
    <subfield code="a">CAI</subfield>
    <subfield code="b">CAI</subfield>
    <subfield code="c">MAIN-LIBRARY</subfield>
    <subfield code="d">2025-06-22</subfield>
    <subfield code="l">0</subfield>
    <subfield code="r">2025-06-22 12:40:37</subfield>
    <subfield code="w">2025-06-22</subfield>
    <subfield code="y">BK</subfield>
  </datafield>
</record>
